|
|
|
|
| LEADER |
00000nam0a2200000 4500 |
| 001 |
311004 |
| 005 |
20231102002337.0 |
| 010 |
|
|
|a 9783659391989
|
| 035 |
|
|
|a (RuTPU)RU\TPU\book\336359
|
| 090 |
|
|
|a 311004
|
| 100 |
|
|
|a 20151201d2015 k y0rusy50 ca
|
| 101 |
0 |
|
|a rus
|
| 102 |
|
|
|a DE
|
| 105 |
|
|
|a y z 001zy
|
| 200 |
1 |
|
|a Безаварийность атомных электростанций (АЭС). Теория и практика предупреждения аварийных ситуаций на АЭС с использованием Самоорганизующейся Системы Smart-MES
|e [монография]
|f В. Ф. Чернов, И. В. Чернов
|
| 210 |
|
|
|a Германия
|c LAP Lambert Academic Publishing
|d 2015
|
| 215 |
|
|
|a 266 с.
|
| 320 |
|
|
|a Библиогр.: с. 257-266.
|
| 330 |
|
|
|a В монографии приводится новейшее Инновационное направление по ядерной безопасности атомных энергоблоков АЭС. Описывается предлагаемая Теория Аварий, как отражение Теории Катастроф, и идеология Самоорганизации 1Т-Системы Srp^rtHviES, которая ^по"256на обеспечить безаварийность атомных электростанций. Подробно представлена технология организации предупреждения "аварийных ситуаций на АЭС для обеспечения абсолютной безопасности с полным исключением срабатываний противоаварийных защит и внеплановых остановов энергоблоков, что принесёт большое снижение экономических потерь. Подробно описывается уникальная технология создания Самоорганизующейся Информационной Системы Smart-MES, а также приведены аксиомы Теории Аварий, логика предупреждения Аварийных ситуаций, парадигма уникальной Самоорганизующейся IT-Системы Smart-MES, структура, интеллектуальность и мультиагентность системы Smart-MES.
|
| 606 |
1 |
|
|a Атомные электрические станции
|x Радиационная безопасность
|2 stltpush
|3 (RuTPU)RU\TPU\subj\29759
|9 53025
|
| 610 |
1 |
|
|a АЭС
|
| 610 |
1 |
|
|a аварийные ситуации
|
| 610 |
1 |
|
|a предупреждение
|
| 610 |
1 |
|
|a аварии
|
| 610 |
1 |
|
|a теория
|
| 610 |
1 |
|
|a безаварийность
|
| 610 |
1 |
|
|a самоорганизующиеся системы
|
| 610 |
1 |
|
|a Smart-MES
|
| 610 |
1 |
|
|a интеллектуальность
|
| 610 |
1 |
|
|a проекты
|
| 610 |
1 |
|
|a монографии
|
| 675 |
|
|
|a 621.311.25:621.039.58
|v 4
|
| 700 |
|
1 |
|a Чернов
|b В. Ф.
|g Владимир Федорович
|
| 701 |
|
1 |
|a Чернов
|b И. В.
|g Игорь В.
|
| 801 |
|
1 |
|a RU
|b 63413507
|c 20151201
|
| 801 |
|
2 |
|a RU
|b 63413507
|c 20160415
|g RCR
|
| 900 |
|
|
|a Атомные электростанции
|
| 942 |
|
|
|c BK
|
| 959 |
|
|
|a 151/20151201
|d 1
|e 0
|f ЧЗТЛ:1
|